| 000 | 00570nam a2200181Ia 4500 | ||
|---|---|---|---|
| 008 | 100920s9999 xx 000 0 und d | ||
| 082 |
_b102912 _a--- न 08 |
||
| 100 | _aमूळ:रिक्टर कॉनराड/अनु:कुलकर्णी जी.ए. | ||
| 245 | _aरान. | ||
| 260 |
_bपरचुरे प्रकाशन,मुंबई. _c2008 |
||
| 300 |
_a217 _bसाधी |
||
| 365 | _b200 | ||
| 520 | _aकादंबरी. | ||
| 630 | _aरान. | ||
| 650 | _aकादंबरी. | ||
| 730 | _aरान. | ||
| 942 | _cBOOK | ||
| 999 |
_c743344 _d743341 |
||